Central Library, Doon University
WEBOPAC (ONLINE PUBLIC ACCESS CATALOGUE)

Parker And Haswell Text Book Of Zoology Vertebrates (Record no. 60676)

MARC details
000 -LEADER
fixed length control field 00537nam a22001937a 4500
005 - DATE & TIME
control field 20260422131445.0
008 - FIXED-LENGTH DATA ELEMENTS--GENERAL INFORMATION
fixed length control field 260422b |||||||| |||| 00| 0 eng d
020 ## - ISBN
International Standard Book Number 9789389393460
Price 995.00
040 ## - CATALOGING SOURCE
Original cataloging agency Doon University
041 ## - Language
Language English
082 ## - DDC NUMBER
Classification number 592
Book Number PAR
100 ## - MAIN ENTRY--PERSONAL NAME
Personal name Rastogi, Veer Bala (ed)
245 ## - TITLE STATEMENT
Title Parker And Haswell Text Book Of Zoology Vertebrates
250 ## - EDITION STATEMENT
Edition statement 8th
260 ## - PUBLICATION, DISTRIBUTION, ETC. (IMPRINT)
Place of publication, distribution, etc New Delhi
Name of publisher, distributor, etc MedTech Science Press
Date of publication, distribution, etc 2025
300 ## - PHYSICAL DESCRIPTION
Pages 952
Other Details vol.2nd
650 ## - Subject
Subject Biological Science (PM USHA)
942 ## - ADDED ENTRY ELEMENTS (KOHA)
Koha item type Books
100 ## - MAIN ENTRY--PERSONAL NAME
-- 26679
650 ## - Subject
-- 26674
952 ## - LOCATION AND ITEM INFORMATION (KOHA)
-- 2026-04-22
952 ## - LOCATION AND ITEM INFORMATION (KOHA)
-- 2026-04-22
952 ## - LOCATION AND ITEM INFORMATION (KOHA)
-- 2026-04-22
952 ## - LOCATION AND ITEM INFORMATION (KOHA)
-- 2026-04-22
Holdings
Withdrawn status Lost status Source of classification or shelving scheme Damaged status Not for loan Location (home branch) Sublocation or collection (holding branch) Date acquired Koha full call number Accession No. Koha date last seen Koha item type Koha issues (times borrowed)
        Not For Loan Doon University Doon University 22.04.2026 592 PAR 32667 22.04.2026 Reference  
          Doon University Doon University 22.04.2026 592 PAR 32668 22.04.2026 Books  
          Doon University Doon University 22.04.2026 592 PAR 32669 22.04.2026 Books  
          Doon University Doon University 22.04.2026 592 PAR 32670 22.04.2026 Books  
Contact : +91-135-2533126 (Library),+91-135-2533105 (Admin Office) , Email : doonlibrary@gmail.com

Powered by Koha